| 000 | 01570cam a2200445 i 4500 | ||
|---|---|---|---|
| 001 | 19226050 | ||
| 003 | GBCCL | ||
| 005 | 20241126110424.0 | ||
| 008 | 160310s2016 ii b 000 0 eng d | ||
| 010 | _a 2016330734 | ||
| 020 | _a9789351481416 (HB) | ||
| 020 | _a9351481417 | ||
| 020 | _z9789351481423 (PB) | ||
| 025 | _aI-E-2016330734; 88-90 | ||
| 035 | _a(OCoLC)ocn953446892 | ||
| 035 | _a(OCoLC)953446892 | ||
| 037 | _bLibrary of Congress -- New Delhi Overseas Office | ||
| 040 |
_aDKAGE _beng _erda _cDKAGE _dOCLCO _dOCLCF _dDLC |
||
| 042 |
_alccopycat _alcode |
||
| 043 | _aa-ii--- | ||
| 050 | 0 | 0 |
_aHV5824.Y68 _bM58 2016 |
| 082 | 0 | 4 |
_a362.290835 _a362.2908350954 _223 _bMIT |
| 100 | 1 |
_aMithra, H. G., _eauthor. _94606 |
|
| 245 | 1 | 0 |
_aYouth and drugs : _bmissional concern towards therapeutic care and counselling / _cH.G. Mithra. |
| 250 | _aFirst edition. | ||
| 264 | 1 |
_aNew Delhi : _bChristian World Imprints, _c2016. |
|
| 300 |
_axiv, 152 pages ; _c23 cm. |
||
| 336 |
_atext _btxt _2rdacontent |
||
| 337 |
_aunmediated _bn _2rdamedia |
||
| 338 |
_avolume _bnc _2rdacarrier |
||
| 490 | 1 |
_aChristian heritage rediscovered ; _v40 |
|
| 504 | _aIncludes bibliographical references (pages 141-152). | ||
| 650 | 0 |
_aYouth _xDrug use _zIndia. _94607 |
|
| 650 | 0 |
_aYouth _xDrug use _xReligious aspects _xChristianity. _94608 |
|
| 650 | 0 |
_aChurch work with drug addicts _zIndia. _94609 |
|
| 830 | 0 |
_aChristian heritage rediscovered ; _v40. _94610 |
|
| 906 |
_a7 _bcbc _ccopycat _d3 _encip _f20 _gy-gencatlg |
||
| 942 |
_2ddc _cBK _020 |
||
| 999 |
_c2236 _d2236 |
||